[Event "DVM U12 2010"]
[Site "Templin OT Groß Dölln GER"]
[Date "2010.12.27"]
[Round "1"]
[White "Sabirov, Ramil"]
[Black "Engert, Marvin"]
[Result "1-0"]
[Termination "normal"]
[Board "7.1"]
[WhiteElo "1720"]
[BlackElo "1631"]
[WhiteTeam "SG Porz"]
[BlackTeam "SG Turm Leipzig"]
[WhiteFideId "12900303"]
[BlackFideId "12901164"]
[EventCountry "GER"]
[EventRounds "7"]
[EventType "team-swiss"]
[EventDate "2010.12.26"]

1. e4 c5 2. Nf3 Nc6 3. d3 e6 4. g3 d5 5. Qe2 Be7 6. Bg2 Nf6 7. O-O O-O 8. e5
Nd7 9. c4 b6 10. h4 h6 11. Nc3 d4 12. Ne4 Bb7 13. Bf4 a6 14. h5 b5 15. b3 b4
16. g4 Qc7 17. Ned2 Qd8 18. Bg3 Ncb8 19. Nh2 Bxg2 20. Kxg2 Bh4 21. Qe4 Bxg3 22.
Kxg3 Qb6 23. f4 Qc6 24. Qe2 a5 25. Nhf3 a4 26. Ne4 Nb6 27. Rh1 N8d7 28. g5 hxg5
29. Nexg5 Ra7 30. h6 g6 31. Qe4 Qxe4 32. Nxe4 Rfa8 33. Rab1 axb3 34. axb3 Ra2
35. Nfg5 Re2 36. Rbe1 Rb2 37. h7+ Kg7 38. Nxf7 Rxb3 39. h8=Q+ Rxh8 40. Nxh8
Rxd3+ 41. Kg4 Nxc4 42. Kg5 Nf8 43. Reg1 Ne3 44. Nf6 Nf5 45. Nxg6 Ng3 46. Nxf8
Nxh1 47. Nxe6+ Kf7 48. Nd8+ Ke7 49. Nc6+ Ke6 50. f5+ Kf7 51. e6+ Kg7 52. Rxh1
Rg3+ 53. Ng4 Rxg4+ 54. Kxg4 b3 55. Kg5 b2 56. f6+ Kg8 57. Kg6 b1=Q+ 58. Rxb1 d3
59. Rb8# 1-0

[Event "DVM U12 2010"]
[Site "Templin OT Groß Dölln GER"]
[Date "2010.12.27"]
[Round "1"]
[White "Hummel, Felician"]
[Black "Brungs, Sven"]
[Result "1-0"]
[Termination "normal"]
[Board "7.2"]
[WhiteElo "1509"]
[BlackElo "1191"]
[WhiteTeam "SG Turm Leipzig"]
[BlackTeam "SG Porz"]
[WhiteFideId "16200489"]
[BlackFideId "12946257"]
[EventCountry "GER"]
[EventRounds "7"]
[EventType "team-swiss"]
[EventDate "2010.12.26"]

1. d4 d5 2. Nf3 Nf6 3. e3 Bf5 4. Bd3 Bg6 5. Nbd2 e6 6. Qe2 Be7 7. O-O O-O 8. e4
dxe4 9. Nxe4 Bh5 10. c3 Nc6 11. Nxf6+ Bxf6 12. Bf4 Re8 13. Qc2 Bg6 14. Rfe1 Ne7
15. Ne5 Bxd3 16. Qxd3 Nd5 17. Bg3 Bh4 18. Nf3 Bf6 19. Be5 Nb6 20. Rad1 c6 21.
Rd2 Nd7 22. Bxf6 Qxf6 23. Ne5 Rad8 24. Qg3 c5 25. Ng4 Qg5 26. f4 Qg6 27. Qh3 f5
28. Ne5 Nxe5 29. fxe5 Rd7 30. Ree2 Red8 31. Rd1 Qf7 32. Qh4 Qe7 33. Qf4 cxd4
34. cxd4 Qb4 35. Rd3 Qc4 36. b3 {im 66.Zug gewinnt Weiss} 1-0

[Event "DVM U12 2010"]
[Site "Templin OT Groß Dölln GER"]
[Date "2010.12.27"]
[Round "1"]
[White "Ramien, David"]
[Black "Storch, Domenic"]
[Result "1-0"]
[Termination "normal"]
[Board "7.3"]
[WhiteElo "1237"]
[BlackElo "1447"]
[WhiteTeam "SG Porz"]
[BlackTeam "SG Turm Leipzig"]
[WhiteFideId "12948241"]
[BlackFideId "16200470"]
[EventCountry "GER"]
[EventRounds "7"]
[EventType "team-swiss"]
[EventDate "2010.12.26"]

1. e4 c5 2. Nc3 Nc6 3. f4 d6 4. Nf3 g6 5. Bc4 Bg7 6. d3 e6 7. O-O Nge7 8. Bb3
O-O 9. Be3 a6 10. a4 b6 11. Qe1 Qc7 12. Qh4 Bb7 13. f5 exf5 14. Bh6 fxe4 15.
Ng5 Nf5 16. Rxf5 Bd4+ 17. Kh1 gxf5 18. Bxf8 Kxf8 19. Qh6+ Bg7 20. Qxh7 Nd4 21.
Bxf7 Be5 22. Qh6+ Ke7 23. Nd5+ Bxd5 24. Bxd5 Rh8 25. Qg6 Rxh2+ 26. Kg1 Ne2+ 27.
Kf2 Nf4 28. Qf7+ Kd8 29. Qf8+ Kd7 30. Qxf5+ Ke7 31. Bxe4 Bd4+ 32. Kg3 Rh8 33.
Re1 Be5 34. Rf1 Nxd3+ 35. Kf3 1-0

[Event "DVM U12 2010"]
[Site "Templin OT Groß Dölln GER"]
[Date "2010.12.27"]
[Round "1"]
[White "Hummel, Jeremias"]
[Black "Terwel, Diederick"]
[Result "0-1"]
[Termination "normal"]
[Board "7.4"]
[WhiteElo "1141"]
[BlackElo "1028"]
[WhiteTeam "SG Turm Leipzig"]
[BlackTeam "SG Porz"]
[EventCountry "GER"]
[EventRounds "7"]
[EventType "team-swiss"]
[EventDate "2010.12.26"]

1. e4 d5 2. exd5 Qxd5 3. Nc3 Qa5 4. Nf3 Nf6 5. Bc4 e6 6. O-O Bd6 7. d3 O-O 8.
Bd2 c6 9. Ne4 Qd8 10. Bg5 Be7 11. Qe2 Nxe4 12. Bxe7 Ng3 13. hxg3 Qxe7 14. Qe4
Nd7 15. d4 Qb4 16. Bd3 Nf6 17. Qh4 Qxb2 18. Rfb1 Qa3 19. g4 h6 20. g5 hxg5 21.
Nxg5 Rd8 22. Bh7+ Kf8 23. Bd3 Ke8 24. Qh8+ Qf8 25. Qxf8+ Kxf8 26. Kf1 Rxd4 27.
Ke2 Rg4 28. Nf3 Rxg2 29. Rb4 Nd5 30. Rd4 c5 31. Rh4 g6 32. c4 Nf6 33. Rf4 Ke7
34. Ke3 Rg4 35. Rd1 Rxf4 36. Kxf4 Bd7 37. Bc2 Rh8 38. Ne5 Bc6 39. Bxg6 Rh4+ 40.
Kg3 Rd4 41. Rxd4 cxd4 42. Bc2 Ne4+ 43. Kf3 Nc3+ 44. Nxc6+ bxc6 45. a3 Kd6 46.
Bd3 e5 47. a4 e4+ 48. Bxe4 Nxe4 49. Kxe4 Kc5 50. Kd3 a5 51. f4 f5 52. Kd2 Kxc4
0-1

[Event "DVM U12 2010"]
[Site "Templin OT Groß Dölln GER"]
[Date "2010.12.27"]
[Round "1"]
[White "Greßmann, Moritz"]
[Black "Hamid, Emran"]
[Result "1-0"]
[Termination "normal"]
[Board "8.1"]
[WhiteElo "1633"]
[BlackElo "1750"]
[WhiteTeam "BSV Chemie Weißensee"]
[BlackTeam "SC Pforzheim"]
[WhiteFideId "24695084"]
[BlackFideId "12903566"]
[EventCountry "GER"]
[EventRounds "7"]
[EventType "team-swiss"]
[EventDate "2010.12.26"]

1. d4 d5 2. c4 dxc4 3. Nf3 Nf6 4. Nc3 e6 5. Bg5 Be7 6. e4 h6 7. Bxf6 Bxf6 8.
Bxc4 O-O 9. O-O c6 10. e5 Be7 11. Bd3 c5 12. Bc2 cxd4 13. Qd3 g6 14. Nxd4 Bc5
15. Nf3 Qxd3 16. Bxd3 Bd7 17. Rad1 Bc6 18. Be4 Bb4 19. Bxc6 Nxc6 20. Rd7 Rab8
21. Ne4 Be7 22. Rc1 Rfd8 23. Rc7 Kg7 24. h3 Bb4 25. Nf6 Ba5 26. Rd7 Nxe5 27.
Nxe5 Kxf6 28. Rc5 1-0

[Event "DVM U12 2010"]
[Site "Templin OT Groß Dölln GER"]
[Date "2010.12.27"]
[Round "1"]
[White "Hartmann, Martin"]
[Black "Donath, Johann"]
[Result "0-1"]
[Termination "normal"]
[Board "8.2"]
[WhiteElo "1259"]
[BlackElo "1520"]
[WhiteTeam "SC Pforzheim"]
[BlackTeam "BSV Chemie Weißensee"]
[WhiteFideId "12911925"]
[BlackFideId "24685160"]
[EventCountry "GER"]
[EventRounds "7"]
[EventType "team-swiss"]
[EventDate "2010.12.26"]

1. e4 Nf6 2. e5 Nd5 3. d4 d6 4. c4 Nb6 5. exd6 exd6 6. Nf3 Bg4 7. h3 Bh5 8. Nc3
Nc6 9. g4 Bg6 10. Bg5 Be7 11. Bxe7 Qxe7+ 12. Qe2 O-O 13. Qxe7 Nxe7 14. O-O-O a5
15. c5 Nbd5 16. Nxd5 Nxd5 17. Nh4 Nb4 18. a3 Nc6 19. Bc4 Kh8 20. Rhe1 a4 21. f4
f6 22. Nxg6+ hxg6 23. Rh1 dxc5 24. dxc5 Rfd8 25. h4 Rxd1+ 26. Rxd1 Re8 27. g5
Re4 28. Bd5 Rxf4 29. Bxc6 bxc6 30. Rd8+ Kh7 31. Rd7 fxg5 32. hxg5 Rc4+ 33. Kd2
Rxc5 34. Rxc7 Rxg5 35. Rxc6 Rg2+ 36. Kc3 Rg1 37. Ra6 Rg4 38. Rb6 g5 39. b4 Rg3+
40. Kb2 Rb3+ 41. Ka2 g4 42. Re6 g3 43. Re1 Kg6 44. Rg1 Kf5 45. b5 Kg4 46. Re1
Rxb5 47. Re4+ Kf3 48. Re7 g5 49. Re1 g2 50. Rc1 Kg3 51. Rc3+ Kh2 52. Rc4 g1=Q
53. Rh4+ Kg2 54. Rg4+ Kf2 55. Rf4+ Ke2 56. Re4+ Kf1 57. Rf4+ gxf4 0-1

[Event "DVM U12 2010"]
[Site "Templin OT Groß Dölln GER"]
[Date "2010.12.27"]
[Round "1"]
[White "Koch, Elisabeth"]
[Black "Shabani, Shabi"]
[Result "1-0"]
[Termination "normal"]
[Board "8.3"]
[WhiteElo "1306"]
[BlackElo "1233"]
[WhiteTeam "BSV Chemie Weißensee"]
[BlackTeam "SC Pforzheim"]
[WhiteFideId "24695068"]
[EventCountry "GER"]
[EventRounds "7"]
[EventType "team-swiss"]
[EventDate "2010.12.26"]

1. e4 e5 2. Nf3 Nc6 3. Bc4 Bc5 4. c3 Nf6 5. d4 exd4 6. cxd4 Bb4+ 7. Bd2 Bxd2+
8. Nbxd2 d5 9. exd5 Nxd5 10. Qb3 Nce7 11. O-O O-O 12. Rfe1 c6 13. Ne5 Qc7 14.
Rac1 Be6 15. Ne4 Rad8 16. Nc5 Nf5 17. Nxe6 fxe6 18. Nf3 Qd7 19. Re2 Rde8 20.
Rce1 Re7 21. Qc2 Rfe8 22. Ng5 g6 23. Qd2 b5 24. Bb3 Nd6 25. h4 Nf7 26. h5 Nxg5
27. Qxg5 Rg7 28. hxg6 Rxg6 29. Qh4 Qe7 30. Qxe7 Rxe7 31. Rc1 Nf4 32. Rec2 Reg7
33. g3 Nd3 34. Rd1 Nb4 35. Rc3 a5 36. a3 Nd5 37. Rxc6 Rxg3+ 38. fxg3 Rxg3+ 39.
Kf2 Rxb3 40. Rd2 Nf6 41. Rxe6 Ng4+ 42. Ke2 Rh3 43. d5 Rh2+ 44. Kd3 Kf7 45. Rxh2
Nxh2 46. Rh6 Ng4 47. Rxh7+ Ke8 48. Rb7 Ne5+ 49. Kd4 Nd7 50. Rxd7 Kxd7 51. Kc5
b4 52. axb4 axb4 53. Kxb4 Kd6 54. Kc4 Kc7 55. b4 Kd6 56. b5 Kc7 57. Kc5 Kd7 58.
b6 Kc8 59. d6 Kb7 60. d7 Ka6 61. d8=Q Kb7 62. Qc7+ 1-0

[Event "DVM U12 2010"]
[Site "Templin OT Groß Dölln GER"]
[Date "2010.12.27"]
[Round "1"]
[White "Schesler, Rudolf"]
[Black "Fabiunke, Jakob"]
[Result "0-1"]
[Termination "normal"]
[Board "8.4"]
[WhiteElo "841"]
[BlackElo "1385"]
[WhiteTeam "SC Pforzheim"]
[BlackTeam "BSV Chemie Weißensee"]
[BlackFideId "24686085"]
[EventCountry "GER"]
[EventRounds "7"]
[EventType "team-swiss"]
[EventDate "2010.12.26"]

1. e4 e5 2. Nf3 Nc6 3. Bc4 Bc5 4. Ng5 Qxg5 5. d3 Qxg2 6. Rf1 d6 7. Be3 Bh3 8.
Bxc5 Qxf1+ 9. Kd2 dxc5 10. Qf3 Nf6 11. d4 Qxc4 12. Qxh3 Qxd4+ 13. Ke1 Qxb2 14.
Qc3 Qxc3+ 15. Nxc3 O-O-O 16. a4 Nd4 17. Rc1 Nf3+ 18. Ke2 Nxh2 19. Nb5 a6 20.
Nc3 h5 21. f3 h4 22. Rh1 Nxf3 23. Kxf3 g5 24. Rg1 h3 25. Rf1 h2 26. Kg2 Rd2+
27. Kh1 Ng4 28. Nd1 Rxd1 29. Rxd1 Nf2+ 30. Kg2 Nxd1 31. Kh1 Nf2+ 32. Kg2 h1=Q+
33. Kxf2 Qxe4 34. Kg3 Qf4+ 35. Kg2 Rh2+ 36. Kg1 Qf2# 0-1

[Event "DVM U12 2010"]
[Site "Templin OT Groß Dölln GER"]
[Date "2010.12.27"]
[Round "1"]
[White "Gast, Benedikt"]
[Black "Riehle, Marco"]
[Result "0-1"]
[Termination "normal"]
[Board "9.1"]
[WhiteElo "1434"]
[BlackElo "1591"]
[WhiteTeam "SV Breitenworbis"]
[BlackTeam "SF Sasbach"]
[WhiteFideId "12937967"]
[BlackFideId "12904392"]
[EventCountry "GER"]
[EventRounds "7"]
[EventType "team-swiss"]
[EventDate "2010.12.26"]

1. e4 e5 2. Nf3 f5 3. exf5 e4 4. Nd4 Nf6 5. Bc4 d5 6. Bb3 c5 7. Ba4+ Bd7 8.
Bxd7+ Qxd7 9. Ne6 Nc6 10. Nc3 d4 11. Nxd4 cxd4 12. Ne2 Bc5 13. Ng3 O-O 14. O-O
Ne8 15. Re1 Nd6 16. d3 Rae8 17. dxe4 0-1

[Event "DVM U12 2010"]
[Site "Templin OT Groß Dölln GER"]
[Date "2010.12.27"]
[Round "1"]
[White "Bohnert, Dominik"]
[Black "Vergin, Marcel"]
[Result "1-0"]
[Termination "normal"]
[Board "9.2"]
[WhiteElo "1425"]
[BlackElo "1182"]
[WhiteTeam "SF Sasbach"]
[BlackTeam "SV Breitenworbis"]
[WhiteFideId "12918075"]
[EventCountry "GER"]
[EventRounds "7"]
[EventType "team-swiss"]
[EventDate "2010.12.26"]

1. e4 c5 2. Nf3 e6 3. d4 cxd4 4. Nxd4 a6 5. Nc3 b5 6. Bd3 Bb7 7. Be3 d6 8. Qd2
Nf6 9. f3 Be7 10. O-O O-O 11. Nde2 Nbd7 12. Ng3 d5 13. exd5 Nxd5 14. Nxd5 Bxd5
15. c3 Bc5 16. b4 Bxe3+ 17. Qxe3 Rc8 18. Rfc1 Nb6 19. Ne4 Na4 20. Rd1 Nxc3 21.
Nxc3 Rxc3 22. Bxh7+ Kxh7 23. Qxc3 Qb6+ 24. Qc5 Qxc5+ 25. bxc5 Rc8 26. Rdc1 Bc4
27. a4 Rxc5 28. axb5 axb5 29. Ra5 Rd5 30. Ra7 Rd8 31. Rxf7 Kg6 32. Rb7 Rd2 33.
Rb1 Kf6 34. R7xb5 Bxb5 35. Rxb5 Rd5 36. Rb7 Rd4 37. g4 Rd5 38. Kg2 Kg6 39. Kg3
e5 40. Rb6+ Kf7 41. Rc6 g5 42. Rc4 Kg6 43. Re4 Kf6 44. h4 Kg6 45. h5+ Kh6 46.
Rc4 Rd6 47. Rc8 Re6 48. Rf8 e4 49. fxe4 Rxe4 50. Rf6+ Kh7 51. Rg6 Re5 52. Kf3
Rd5 53. Re6 Rc5 54. Ke4 Rc8 55. Kf5 Rg8 56. Re7+ Kh6 57. Rf7 Rb8 58. Rf6+ Kh7
59. Kxg5 Rb5+ 60. Rf5 Rxf5+ 61. Kxf5 Kh6 62. Kf6 Kh7 63. g5 Kg8 64. g6 Kf8 65.
g7+ Kg8 66. h6 Kh7 67. Kf7 Kxh6 68. g8=Q Kh5 1-0

[Event "DVM U12 2010"]
[Site "Templin OT Groß Dölln GER"]
[Date "2010.12.27"]
[Round "1"]
[White "Schirmer, Christoph"]
[Black "Martin, Julian"]
[Result "0-1"]
[Termination "normal"]
[Board "9.3"]
[WhiteElo "1086"]
[BlackElo "1395"]
[WhiteTeam "SV Breitenworbis"]
[BlackTeam "SF Sasbach"]
[BlackFideId "12941000"]
[EventCountry "GER"]
[EventRounds "7"]
[EventType "team-swiss"]
[EventDate "2010.12.26"]

1. e4 e5 2. Nf3 Nc6 3. Bc4 Bc5 4. c3 Nf6 5. d3 d6 6. b4 Bb6 7. a4 a6 8. Qb3 O-O
9. O-O Ba7 10. Ba3 h6 11. Nbd2 Nh5 12. Qc2 Nf4 13. Rfe1 Qf6 14. g3 Nh3+ 15. Kh1
Nxf2+ 16. Kg1 Nxd3+ 17. Kh1 Nxe1 18. Rxe1 {Partie nicht weiter nachvollziehbar.
} 0-1

[Event "DVM U12 2010"]
[Site "Templin OT Groß Dölln GER"]
[Date "2010.12.27"]
[Round "1"]
[White "Ehmann, Thilo"]
[Black "Richardt, Angelina"]
[Result "1-0"]
[Termination "normal"]
[Board "9.4"]
[WhiteElo "1288"]
[BlackElo "1101"]
[WhiteTeam "SF Sasbach"]
[BlackTeam "SV Breitenworbis"]
[WhiteFideId "12940968"]
[BlackFideId "12938149"]
[EventCountry "GER"]
[EventRounds "7"]
[EventType "team-swiss"]
[EventDate "2010.12.26"]

1. e4 e5 2. d4 exd4 3. Nf3 Nf6 4. e5 Nd5 5. Qxd4 c6 6. Bc4 Qb6 7. Qxb6 Nxb6 8.
Bb3 Bc5 9. O-O O-O 10. Be3 Bxe3 11. fxe3 h6 12. Nh4 Nd5 13. Rf3 Ne7 14. Nc3 d5
15. exd6 Nd5 16. Nxd5 cxd5 17. Bxd5 Nd7 18. Ng6 Rd8 19. Ne7+ Kh7 20. Nxc8 Raxc8
21. Be4+ Kg8 22. Bd5 Ne5 23. Rf5 Re8 24. Bxf7+ Kh7 25. Bxe8 Rxe8 26. Rd1 Nd7
27. Rf7 Rd8 28. e4 Kg8 29. Re7 Kf8 30. e5 b6 31. e6 Nf6 32. Rf7+ Ke8 33. d7+
Nxd7 34. Rfxd7 Rxd7 35. exd7+ Kd8 36. b4 b5 37. a4 a6 38. a5 g5 39. c4 bxc4 40.
b5 c3 41. bxa6 c2 42. Rc1 Kxd7 43. a7 g4 44. a8=Q g3 45. Rxc2 gxh2+ 46. Kxh2 h5
47. Qd5+ Ke7 48. Re2+ Kf8 49. Qf5+ Kg7 50. Re7+ Kg8 51. Qh7+ Kf8 52. Qf7# 1-0